<?xml version="1.0" encoding="UTF-8"?>
<record
    xmlns:xsi="http://www.w3.org/2001/XMLSchema-instance"
    xsi:schemaLocation="http://www.loc.gov/MARC21/slim http://www.loc.gov/standards/marcxml/schema/MARC21slim.xsd"
    xmlns="http://www.loc.gov/MARC21/slim">

  <leader>03058nam a2200421 i 4500</leader>
  <controlfield tag="001">82480</controlfield>
  <controlfield tag="003">BD-RjUL</controlfield>
  <controlfield tag="005">20231217141717.0</controlfield>
  <controlfield tag="008">231217s2023    nyu     ob    001 0 eng  </controlfield>
  <datafield tag="020" ind1=" " ind2=" ">
    <subfield code="a">9781003217480</subfield>
    <subfield code="q">(ebk)</subfield>
  </datafield>
  <datafield tag="020" ind1=" " ind2=" ">
    <subfield code="z">9781032108742</subfield>
    <subfield code="q">(hbk)</subfield>
  </datafield>
  <datafield tag="020" ind1=" " ind2=" ">
    <subfield code="z">9781032108742</subfield>
    <subfield code="q">(pbk)</subfield>
  </datafield>
  <datafield tag="035" ind1=" " ind2=" ">
    <subfield code="a">(BD-RjUL)82480</subfield>
  </datafield>
  <datafield tag="040" ind1=" " ind2=" ">
    <subfield code="a">DLC</subfield>
    <subfield code="b">eng</subfield>
    <subfield code="c">DLC</subfield>
    <subfield code="e">rda</subfield>
    <subfield code="d">DLC</subfield>
  </datafield>
  <datafield tag="041" ind1=" " ind2=" ">
    <subfield code="a">eng</subfield>
  </datafield>
  <datafield tag="042" ind1=" " ind2=" ">
    <subfield code="a">pcc</subfield>
  </datafield>
  <datafield tag="082" ind1="0" ind2="0">
    <subfield code="a">791.430973</subfield>
    <subfield code="2">23</subfield>
    <subfield code="b">GRB 2023</subfield>
  </datafield>
  <datafield tag="100" ind1="1" ind2=" ">
    <subfield code="a">Greenwald, Stephen R.,</subfield>
    <subfield code="e">author.</subfield>
    <subfield code="9">10561</subfield>
  </datafield>
  <datafield tag="245" ind1="1" ind2="4">
    <subfield code="a">The business of film :</subfield>
    <subfield code="b">a practical introduction /</subfield>
    <subfield code="c">Stephen R. Greenwald, Paula Landry ; with additional content by Michael Kalb and Robert Garson Esq..</subfield>
  </datafield>
  <datafield tag="250" ind1=" " ind2=" ">
    <subfield code="a">Third edition.</subfield>
  </datafield>
  <datafield tag="264" ind1=" " ind2="1">
    <subfield code="a">New York, NY :</subfield>
    <subfield code="b">Routledge, Taylor &amp; Francis Group,</subfield>
    <subfield code="c">2023.</subfield>
  </datafield>
  <datafield tag="300" ind1=" " ind2=" ">
    <subfield code="a">1 online resource</subfield>
  </datafield>
  <datafield tag="336" ind1=" " ind2=" ">
    <subfield code="a">text</subfield>
    <subfield code="b">txt</subfield>
    <subfield code="2">rdacontent</subfield>
  </datafield>
  <datafield tag="337" ind1=" " ind2=" ">
    <subfield code="a">computer</subfield>
    <subfield code="b">c</subfield>
    <subfield code="2">rdamedia</subfield>
  </datafield>
  <datafield tag="338" ind1=" " ind2=" ">
    <subfield code="a">online resource</subfield>
    <subfield code="b">cr</subfield>
    <subfield code="2">rdacarrier</subfield>
  </datafield>
  <datafield tag="490" ind1="0" ind2=" ">
    <subfield code="a">American Film Market presents</subfield>
  </datafield>
  <datafield tag="504" ind1=" " ind2=" ">
    <subfield code="a">Includes bibliographical references and index.</subfield>
  </datafield>
  <datafield tag="520" ind1=" " ind2=" ">
    <subfield code="a">"This updated third edition introduces readers to the business of film at every stage of the filmmaking lifecycle, from planning and production to distribution. Celebrated authors Paula Landry and Stephen R. Greenwald offer a practical, hands-on guide to the business aspects of this evolving industry, exploring development, financing, regional/global/online distribution, business models, exhibition, multi-platform delivery, marketing, VR/AR, accounting, and more. The book is illustrated throughout with sample financing scenarios and charts/graphics, and includes detailed case studies from projects of different budgets and markets. This new and expanded edition has further been updated to reflect the new challenges facing the industry due to COVID-19 and how to navigate the new landscape of film financing and distribution. Other updates include coverage of new indie films and distributors, changes to virtual production, the recent impact of global markets including the biggest streamers like Netflix and Amazon are disrupting and shaping the future of the business. This is essential reading for students looking for foundational knowledge of the film industry and guidance on how to successfully adapt to constant changes in the entertainment business. Extensive online support material accompanies the book including downloadable forms and templates, PowerPoint slides, quizzes and test banks, and other additional resources"--</subfield>
  </datafield>
  <datafield tag="588" ind1=" " ind2=" ">
    <subfield code="a">Description based on print version record and CIP data provided by publisher.</subfield>
  </datafield>
  <datafield tag="700" ind1="1" ind2=" ">
    <subfield code="a">Landry, Paula,</subfield>
    <subfield code="d">1969-</subfield>
    <subfield code="e">author.</subfield>
    <subfield code="9">10562</subfield>
  </datafield>
  <datafield tag="700" ind1="1" ind2=" ">
    <subfield code="a">Kalb, Michael,</subfield>
    <subfield code="e">author.</subfield>
    <subfield code="9">10563</subfield>
  </datafield>
  <datafield tag="700" ind1="1" ind2=" ">
    <subfield code="a">Garson Esq., Robert,</subfield>
    <subfield code="e">author.</subfield>
    <subfield code="9">10564</subfield>
  </datafield>
  <datafield tag="776" ind1="0" ind2="8">
    <subfield code="i">Print version:</subfield>
    <subfield code="a">Greenwald, Stephen R.</subfield>
    <subfield code="t">Business of film</subfield>
    <subfield code="b">Third edition.</subfield>
    <subfield code="d">New York : Routledge, Taylor &amp; Francis Group, 2023</subfield>
    <subfield code="z">9781032108742</subfield>
    <subfield code="w">(DLC) 2022017182</subfield>
  </datafield>
  <datafield tag="942" ind1=" " ind2=" ">
    <subfield code="2">ddc</subfield>
    <subfield code="c">BK</subfield>
  </datafield>
  <datafield tag="999" ind1=" " ind2=" ">
    <subfield code="c">82480</subfield>
    <subfield code="d">82480</subfield>
  </datafield>
  <datafield tag="952" ind1=" " ind2=" ">
    <subfield code="0">0</subfield>
    <subfield code="1">0</subfield>
    <subfield code="2">ddc</subfield>
    <subfield code="4">0</subfield>
    <subfield code="7">1</subfield>
    <subfield code="a">RUCL</subfield>
    <subfield code="b">RUCL</subfield>
    <subfield code="c">Reading</subfield>
    <subfield code="d">2023-12-10</subfield>
    <subfield code="e">Dhaka: Omni Concept</subfield>
    <subfield code="g">3312.00</subfield>
    <subfield code="l">0</subfield>
    <subfield code="o">791.430973 GRB 2023</subfield>
    <subfield code="r">2023-12-17 00:00:00</subfield>
    <subfield code="t">C-1</subfield>
    <subfield code="w">2023-12-17</subfield>
    <subfield code="y">BK</subfield>
  </datafield>
  <datafield tag="952" ind1=" " ind2=" ">
    <subfield code="0">0</subfield>
    <subfield code="1">0</subfield>
    <subfield code="2">ddc</subfield>
    <subfield code="4">0</subfield>
    <subfield code="7">0</subfield>
    <subfield code="a">RUCL</subfield>
    <subfield code="b">RUCL</subfield>
    <subfield code="c">GEN</subfield>
    <subfield code="d">2023-12-10</subfield>
    <subfield code="e">Dhaka: Omni Concept</subfield>
    <subfield code="g">3312.00</subfield>
    <subfield code="o">791.430973 GRB 2023</subfield>
    <subfield code="r">2023-12-17 00:00:00</subfield>
    <subfield code="t">C-2</subfield>
    <subfield code="y">BK</subfield>
  </datafield>
  <datafield tag="952" ind1=" " ind2=" ">
    <subfield code="0">0</subfield>
    <subfield code="1">0</subfield>
    <subfield code="2">ddc</subfield>
    <subfield code="4">0</subfield>
    <subfield code="7">0</subfield>
    <subfield code="a">RUCL</subfield>
    <subfield code="b">RUCL</subfield>
    <subfield code="c">GEN</subfield>
    <subfield code="d">2023-12-10</subfield>
    <subfield code="e">Dhaka: Omni Concept</subfield>
    <subfield code="g">3312.00</subfield>
    <subfield code="l">0</subfield>
    <subfield code="o">791.430973 GRB 2023</subfield>
    <subfield code="r">2023-12-17 00:00:00</subfield>
    <subfield code="t">C-3</subfield>
    <subfield code="w">2023-12-17</subfield>
    <subfield code="y">BK</subfield>
  </datafield>
</record>
